000 02521nam a22002177a 4500
999 _c63665
_d63665
003 Ge_BSU
005 20251203204118.0
008 251203s2020 ge ||||| |||| 00| 0 geo d
020 _a9790802101517
041 _ageo
080 _a784.4(479.22)(08)(075.4) ა-95
245 _aაჭარული ხალხური სიმღერები [ნოტი] :
_b სანოტო კრებული სასწავლო აუდიოდისკით = Acharian Folk Songs : Collection of Sheet Music with CD for Self-Study /
_c სერიის იდეის ავტორი და ხელმძღვანელი: ანზორ ერქომაიშვილი; რედაქტორი: რუსუდან წურწუმია; პროექტის ხელმძღვანელი და წიგნის შემდგენელი: ნინო რაზმაძე; აუდიომასალა გაშიფრა და სანოტო ტექსტი ელ. ვერსია მოამზადა: ლევან ვეშაპიძემ; მთარგმნელი: ერიკ ჰალვორსონი; დიზაინერი დავით ჯამრიშვილი; ფონდი ქართული გალობა; თბილისის ვ. სარაჯიშვილის სახელობის სახელმწიფო კონსერვატორიის ტრადიციული მრავალხმიანობის კვლევის საერთაშორისო ცენტრი; კულტურა მომავლისათვის.
264 _aთბილისი,
_c2020.
300 _a133 გვ. :
_bილ. ; + 1 კომპაქტ-დისკი (CD-ROM) ;
_c25 სმ
490 _aშევისწავლოთ ქართული ხალხური სიმღერა
653 _aქართული ხალხური სიმღერები
700 _aერქომაიშვილი ანზორ
_eსერიის იდეის ავტორი და ხელმძღვანელი.
_926346
700 _aწურწუმია, რუსუდან
_e რედაქტორი
_926347
700 _aრაზმაძე, ნინო
_eპროექტის ხელმძღვანელი
_917157
942 _2udc
_cᲬᲘᲒᲜᲘ